000
00294nam a22001337a 4500
008
170324b xxu||||| |||| 00| 0 eng d
020
_a
9780815120278
041
_a
eng
080
_2
6 ED
_a
615.83
100
_a
8
101
_a
SHM
245
_a
SPORT IN SOCIETY
_c
COAKLEY.J.J
942
_2
udc
_c
BK
999
_c
8539
_d
8539